00658nam a2200193Ia 4500003000400000005001700004008004100021020001500062040002900077050002300106100002900129245002900158260004100187300003400228650002100262942001500283952014900298999001700447OSt20260330170211.0230222s9999||||xx |||||||||||||| ||und|| a9966472274 cChuka University Library aHG 173.b.I54 1987 aMatundura, Bitugi.93842 0aMkasa wa Shujaa Liyongo. aNairobi.bPhoenix Publishers.c2001. a93p.bColoured illustrations. aSwahili fiction. cBK032lcc 00102lcc40708FICaCHKbCHKcFICd2023-02-22l3oPL 8704.M38 2001p18241/2019q2026-04-15r2026-03-30 17:02:11s2026-03-30t7w2023-02-22yBK c12937d12937